000 00572cam a22002291 4500
001 sa 66003027
003 DLC
005 20260227112233.0
008 900118s1965 ii b 000 1 hino
010 _asa 66003027
035 _a(OCoLC)20924237
040 _aDLC
_cWaU
_dDLC
042 _apremarc
050 0 0 _aPK2077
_b.M3
100 1 _aMadan, Indar Nath.
245 1 0 _aKahānī aura kahānī.
260 _c[1966, i.e. 1965]
300 _a36, 386 p.
_c19 cm.
500 _aIn Hindi.
504 _aBibliographical footnotes.
650 0 _aShort stories, Hindi.
999 _c68680
_d68680